Engineering Drawing (Record no. 8033)
[ view plain ]
| 000 -LEADER | |
|---|---|
| fixed length control field | 00307nam a2200133Ia 4500 |
| 008 - FIXED-LENGTH DATA ELEMENTS--GENERAL INFORMATION | |
| fixed length control field | 191201s2012 xx 000 0 und d |
| 082 ## - DEWEY DECIMAL CLASSIFICATION NUMBER | |
| Classification number | 620.04 |
| Item number | GIE |
| 100 ## - MAIN ENTRY--PERSONAL NAME | |
| Personal name | GILL, PS |
| 245 #0 - TITLE STATEMENT | |
| Title | Engineering Drawing |
| 250 ## - EDITION STATEMENT | |
| Edition statement | rep |
| 260 ## - PUBLICATION, DISTRIBUTION, ETC. (IMPRINT) | |
| Date of publication, distribution, etc | 2012 |
| Name of publisher, distributor, etc | S.K.Kataria |
| Place of publication, distribution, etc | NEW DELHI |
| 300 ## - PHYSICAL DESCRIPTION | |
| Extent | 706 |
| 942 ## - ADDED ENTRY ELEMENTS (KOHA) | |
| Source of classification or shelving scheme | Dewey Decimal Classification |
| Koha item type | Text Books |
| 942 ## - ADDED ENTRY ELEMENTS (KOHA) | |
| -- | 5 |
| Withdrawn status | Lost status | Source of classification or shelving scheme | Damaged status | Not for loan | Collection code | Home library | Current library | Date acquired | Source of acquisition | Cost, normal purchase price | Bill Number | Total Checkouts | Full call number | Acc. no. / Barcode | Date last seen | Date last borrowed | Bill Date | Koha item type |
|---|---|---|---|---|---|---|---|---|---|---|---|---|---|---|---|---|---|---|
| Dewey Decimal Classification | Diploma in Mechanical | PIET C-LIBRARY | PIET C-LIBRARY | 05/07/2012 | IBH, New Delhi | 340.00 | 4974 | 2 | 604.2 GIE | DE170 | 02/03/2023 | 16/02/2023 | 05/07/2012 | Text Books | ||||
| Dewey Decimal Classification | Diploma in Mechanical | PIET C-LIBRARY | PIET C-LIBRARY | 05/07/2012 | IBH, New Delhi | 340.00 | 4974 | 1 | 604.2 GIE | DE171 | 16/01/2025 | 14/01/2025 | 05/07/2012 | Text Books | ||||
| Dewey Decimal Classification | Diploma in Mechanical | PIET C-LIBRARY | PIET C-LIBRARY | 05/07/2012 | IBH, New Delhi | 340.00 | 4974 | 604.2 GIE | DE172 | 04/12/2019 | 05/07/2012 | Text Books | ||||||
| Dewey Decimal Classification | Diploma in Mechanical | PIET C-LIBRARY | PIET C-LIBRARY | 05/07/2012 | IBH, New Delhi | 340.00 | 4974 | 1 | 604.2 GIE | DE173 | 02/03/2023 | 16/02/2023 | 05/07/2012 | Text Books | ||||
| Dewey Decimal Classification | Diploma in Mechanical | PIET C-LIBRARY | PIET C-LIBRARY | 05/07/2012 | IBH, New Delhi | 340.00 | 4974 | 2 | 604.2 GIE | DE174 | 01/12/2022 | 15/11/2022 | 05/07/2012 | Text Books | ||||
| Dewey Decimal Classification | Diploma in Mechanical | PIET C-LIBRARY | PIET C-LIBRARY | 05/07/2012 | IBH, New Delhi | 340.00 | 4974 | 604.2 GIE | DE175 | 04/12/2019 | 05/07/2012 | Text Books |